<?xml version="1.0" encoding="UTF-8"?>
<record
    xmlns:xsi="http://www.w3.org/2001/XMLSchema-instance"
    xsi:schemaLocation="http://www.loc.gov/MARC21/slim http://www.loc.gov/standards/marcxml/schema/MARC21slim.xsd"
    xmlns="http://www.loc.gov/MARC21/slim">

  <leader>02448nam a22002417a 4500</leader>
  <controlfield tag="005">20250514155304.0</controlfield>
  <controlfield tag="008">250425b        |||||||| |||| 00| 0 eng d</controlfield>
  <datafield tag="020" ind1=" " ind2=" ">
    <subfield code="a">9789355018267</subfield>
  </datafield>
  <datafield tag="040" ind1=" " ind2=" ">
    <subfield code="c">AL</subfield>
  </datafield>
  <datafield tag="041" ind1=" " ind2=" ">
    <subfield code="a">English</subfield>
  </datafield>
  <datafield tag="082" ind1=" " ind2=" ">
    <subfield code="2">23</subfield>
    <subfield code="a">621.3</subfield>
    <subfield code="b">THET</subfield>
  </datafield>
  <datafield tag="100" ind1=" " ind2=" ">
    <subfield code="a">BL Theraja</subfield>
    <subfield code="9">209994</subfield>
  </datafield>
  <datafield tag="245" ind1=" " ind2=" ">
    <subfield code="a">Textbook of Electrical technology Vol 1</subfield>
    <subfield code="b">: basic electrical engineering in SI system of units</subfield>
  </datafield>
  <datafield tag="250" ind1=" " ind2=" ">
    <subfield code="a">24</subfield>
  </datafield>
  <datafield tag="260" ind1=" " ind2=" ">
    <subfield code="a">New Delhi</subfield>
    <subfield code="b">S Chand and Company Limited</subfield>
    <subfield code="c">2024</subfield>
  </datafield>
  <datafield tag="300" ind1=" " ind2=" ">
    <subfield code="a">656 p.</subfield>
    <subfield code="b">PB</subfield>
    <subfield code="c">23x16.5 cm.</subfield>
  </datafield>
  <datafield tag="365" ind1=" " ind2=" ">
    <subfield code="a">BLR8-10637342</subfield>
    <subfield code="b">&#x20B9;550.00</subfield>
    <subfield code="c">&#x20B9;</subfield>
    <subfield code="d">&#x20B9;550.00</subfield>
    <subfield code="f">24-03-2025</subfield>
  </datafield>
  <datafield tag="440" ind1=" " ind2=" ">
    <subfield code="a">1</subfield>
    <subfield code="9">208841</subfield>
  </datafield>
  <datafield tag="520" ind1=" " ind2=" ">
    <subfield code="a">A Textbook of Electrical Technology: Volume I is an essential resource for students and professionals in Electrical, Electronics, and related engineering fields. This comprehensive guide covers fundamental and advanced topics, including Electric Current, Ohm's Law, DC Network Theorems, Electrostatics, Magnetism, AC Fundamentals, Electrical Instruments, Polyphase Circuits and Electrical Energy Generation.
Designed to bridge the gap between theory and practice, the book offers clear explanations, real-world applications and problem-solving techniques. Each chapter progresses logically from basic concepts to complex topics, with numerous examples, diagrams and exercises to reinforce learning and encourage analytical thinking.
Updated with the latest advancements in the field, this textbook equips readers with the knowledge to excel academically and professionally. Whether for exams, research, or industry work, this book is a reliable reference and a valuable tool for mastering electrical technology.
Salient Features:
Comprehensive Coverage: The textbook provides an extensive overview of fundamental and advanced electrical engineering concepts, ensuring a deep understanding of the subject.
Structured Content: The book is well-organized into 20 chapters, each focusing on a specific area of electrical technology.
Practical Applications: The textbook emphasises applying through numerous diagrams, practical examples, illustrations and problems to aid the visualizing concepts making it easier for students to grasp complex ideas and understand how theoretical knowledge is applied in real-world electrical systems.
On the Web: Scan the QR code to access bonus content or use https://bit.ly/3T1xijP</subfield>
  </datafield>
  <datafield tag="650" ind1=" " ind2=" ">
    <subfield code="a">Electrical Engineering</subfield>
    <subfield code="9">208842</subfield>
  </datafield>
  <datafield tag="700" ind1=" " ind2=" ">
    <subfield code="a">THERAJA, AK</subfield>
    <subfield code="9">208843</subfield>
  </datafield>
  <datafield tag="942" ind1=" " ind2=" ">
    <subfield code="2">ddc</subfield>
    <subfield code="c">BK</subfield>
  </datafield>
  <datafield tag="999" ind1=" " ind2=" ">
    <subfield code="c">234237</subfield>
    <subfield code="d">234237</subfield>
  </datafield>
  <datafield tag="952" ind1=" " ind2=" ">
    <subfield code="0">0</subfield>
    <subfield code="1">0</subfield>
    <subfield code="2">ddc</subfield>
    <subfield code="4">0</subfield>
    <subfield code="7">0</subfield>
    <subfield code="8">ELE</subfield>
    <subfield code="a">AL</subfield>
    <subfield code="b">AL</subfield>
    <subfield code="d">2025-03-29</subfield>
    <subfield code="e">amazon.in</subfield>
    <subfield code="g">550.00</subfield>
    <subfield code="l">0</subfield>
    <subfield code="o">621.3 THET</subfield>
    <subfield code="p">077652</subfield>
    <subfield code="r">2025-04-25 16:32:15</subfield>
    <subfield code="v">550.00</subfield>
    <subfield code="y">BK</subfield>
  </datafield>
</record>
